| 000 | 01081cam a22003377a 4500 | ||
|---|---|---|---|
| 003 | CHAP | ||
| 005 | 20220817043705.0 | ||
| 008 | 000727d1997 it r 00010 eng d | ||
| 010 | _a81871 | ||
| 011 | _a82843 | ||
| 020 | _a925104015X | ||
| 022 | _a1020-4091 | ||
| 035 | _a93348 | ||
| 040 | _cCHAP | ||
| 082 | 0 | 4 |
_a641.30218 _bF26yRep. 1997 |
| 110 | 2 |
_aFAO. Comisión del Codex Alimentarius _939482 |
|
| 245 | 1 | 0 |
_aReport of the session (22o) _c/por Comisión del Codex Alimentarius |
| 260 |
_aRome : _bComisión del Codex Alimentarius, _c1997 |
||
| 300 | _a99 p. | ||
| 410 | 2 | _aFAO | |
| 490 | 0 | _aPrograma conjunto FAO/OMS sobre normas alimentarias | |
| 590 |
_aBATCH-UPD _b10 _c20130110 _lUCH01 _h1357 |
||
| 590 |
_aCONVERSION _b10 _c20130109 _lUCH01 _h1345 |
||
| 650 | 1 | 4 |
_aAlimentos _xNormas de calidad. _94256 |
| 810 | 0 | _aFAO | |
| 830 | 0 |
_aPrograma conjunto FAO/OMS sobre normas alimentarias _992254 |
|
| 901 | _aBK | ||
| 905 | _aLilia Sánchez G. | ||
| 942 | _cLIBRO | ||
| 949 |
_a641.30218 F26yRep. 1997 _bBC _cFAO _d33724000715561 _eFAO1 _gDonaciØn _h98438 _i93348 _sb |
||
| 999 |
_c81871 _d81871 |
||